000 00258 a2200109 4500
245 _aA century of south african short stories
_hText
020 _a0949937568
100 _aJean Marquard
650 _aliterature
005 20191021095756.0
260 _bAD. Donker
_c1978
084 _aNONE
999 _c12661
_d12661